000 00821nam a22002057a 4500
999 _c6527
_d6527
005 20251125232808.0
008 s2518 th tha d
040 _aNALT
041 _atha
050 _aDS577.32W5 ส674ซ
100 0 _aสารศาสตร์ศิริลักษณ์, พระยา
245 1 0 _aแซมเมียลไว้ต์
260 3 _aกรุงเทพฯ :
_bคลังวิทยา,
_c2518
300 _a416 หน้า
650 0 4 _aไทย -- ประวัติศาสตร์ -- กรุงศรีอยุธยา -- สมเด็จพระนารายณ์มหาราช
650 0 4 _aไว้ต์, แซมเมียล
850 _aNALT
856 4 0 _uhttps://hdl.handle.net/20.500.14156/401630
_71
942 _cGB
_2lcc